Statistics for Little Known Facts About Nintendo

Click here to take the quiz!

General Stats

  • This quiz has been taken 89 times
  • The average score is 7 of 20

Answer Stats

Little Known Facts About NintendoAnswer% Correct
What was Mario's original name?Jumpman
92%
True or False: The concept of the Mii goes back to the NES.True
82%
True or False: Nintendo was going to make the PlayStation.True
82%
True or False: Luigi's Mansion was going to be on the N64.True
82%
True or False: F-Zero was going to be called Z-Raiders Racing.False
80%
How many Bowsers are real in Super Mario Bros?1
79%
What character disguised the NES?R.O.B.
34%
Who was the Pokemon mascot originally going to be?Clefairy
26%
What was Pit's original name?Icarus
25%
Who was Kirby named after?John Kirby
24%
What character was responsible for the creation of Mario?Popeye
22%
What was Mario's original original name?Mr. Video
16%
Whom was Mario named after?Mario Segale
13%
What Mario character appears to be someone else in a Zelda game?Peach
9%
How many times does it take to break a Chain Chomp chain?49
7%
What was Diddy Kong Pilot eventually going to be?Banjo Pilot
7%
What was Kirby's original name?Po Po
7%
What game used to be an Argonaut Yoshi game?Croc: Legend of the Gobbos
5%
How do you kill Toads in Super Mario Bros?Breaking brick blocks
3%
What are Darmuakas modeled after?Daruma dolls
3%

Score Distribution

Percentile by Number Answered

Percent of People with Each Score

Your Score History

You have not taken this quiz